Statistics for 1997 Champions League Final Borussia Dortmund - Juventus

Click here to take the quiz!

General Stats

  • This quiz has been taken 216 times
  • The average score is 12 of 30

Answer Stats

Player% Correct
Alessandro Del Piero ¹
81%
Zinedine Zidane
78%
Matthias Sammer
72%
Lars Ricken ¹
61%
Marcello Lippi
56%
Angelo Peruzzi
55%
Didier Deschamps
55%
Jürgen Kohler
53%
Karl-Heinz Riedle ²
46%
Paulo Sousa
46%
Andreas Möller
44%
Stéphane Chapuisat
44%
Ottmar Hitzfeld
41%
Ciro Ferrara
39%
Christian Vieri
36%
Stefan Klos
36%
Angelo Di Livio
33%
Paolo Montero
33%
Stefan Reuter
29%
Michael Zorc
27%
Alen Bokšić
24%
Alessio Tacchinardi
24%
Mark Iuliano
24%
Paul Lambert
24%
Jörg Heinrich
23%
Vladimir Jugović
21%
Heiko Herrlich
16%
Martin Kree
16%
Sergio Porrini
10%
Nicola Amoruso
7%

Score Distribution

Percentile by Number Answered

Percent of People with Each Score

Your Score History

You have not taken this quiz